| 000 | 00867nam a2200253 a 4500 | ||
|---|---|---|---|
| 001 | 1336 | ||
| 003 | BR-CuiBMT | ||
| 005 | 20231208010508.0 | ||
| 008 | 231205s1998 d 000 0 por d | ||
| 040 |
_aBR-CuiBMT _cBR-CuiBMT |
||
| 080 |
_22007 _a94:32 _x(81) |
||
| 090 |
_a94:32(81) _bC165p |
||
| 100 | 1 |
_aCalógeras, João Pandiá, _d1870-1934 |
|
| 245 | 1 | 2 |
_aA política exterior do império / _cJ. Pandiá Calógeras. |
| 260 |
_aBrasília : _bSenado Federal, _c1998. |
||
| 300 |
_a3 v. : _bil. ; _c23 cm |
||
| 490 | 1 | _aColeção biblioteca básica brasileira | |
| 505 | 0 | _av. 1. As origens -- v. 2. O Primeiro Reinado -- v. 3. Da Regência à queda de Rosas. | |
| 590 | _aA Biblioteca possui somente o volume 3. | ||
| 650 |
_aPolítica externa _zBrasil |
||
| 650 |
_aHistória _zBrasil |
||
| 830 | 0 | _aColeção biblioteca básica brasileira | |
| 942 |
_2udc _cLV |
||
| 999 |
_c1336 _d1336 |
||